| 000 | 01193nam a2200301Ia 4500 | ||
|---|---|---|---|
| 001 | ebr10687667 | ||
| 003 | CaPaEBR | ||
| 006 | m u | ||
| 007 | cr cn||||||||| | ||
| 008 | 130306s2012 ne s 000 0 eng d | ||
| 020 | _z9789462091269 | ||
| 020 | _z9789462091283 | ||
| 040 |
_aCaPaEBR _cCaPaEBR |
||
| 035 | _a(OCoLC)829080144 | ||
| 050 | 1 | 4 |
_aLC1059 _b.P73 2012eb |
| 245 | 0 | 0 |
_aPractice-based education _h[electronic resource] : _bperspectives and strategies / _cedited by Joy Higgs ... [et al.]. |
| 260 |
_aRotterdam ; _aBoston : _bSensePublishers, _cc2012. |
||
| 300 | _aix, 255 p. | ||
| 490 | 1 |
_aPractice, education, work and society ; _vv.6 |
|
| 533 |
_aElectronic reproduction. _bPalo Alto, Calif. : _cebrary, _d2013. _nAvailable via World Wide Web. _nAccess may be limited to ebrary affiliated libraries. |
||
| 650 | 0 | _aProfessional education. | |
| 650 | 0 | _aEducation, Higher. | |
| 655 | 7 |
_aElectronic books. _2local |
|
| 700 | 1 | _aHiggs, Joy. | |
| 710 | 2 | _aebrary, Inc. | |
| 830 | 0 |
_aPractice, education, work and society ; _vv.6. |
|
| 856 | 4 | 0 |
_uhttp://site.ebrary.com/lib/rucke/Doc?id=10687667 _zAn electronic book accessible through the World Wide Web; click to view |
| 999 |
_c11986 _d11986 |
||